000 00394nam a2200169Ia 4500
008 230524s9999 xx 000 0 und d
020 _a0195677951
082 _a658.401
_bBED
100 _aKanishka Bedi
245 0 _aQuality Management
250 _aIST
260 _aNEW DELHI
_bOxford
_c2008
300 _aXI;709
500 _aQuantity Number: 3
650 _aManagement
942 _cBK
999 _c45112
_d45112